000
00308nam a22001217a 4500
005
20170724122108.0
008
170724b xxu||||| |||| 00| 0 eng d
041
_a
eng
100
_a
Gairola,Watchspati
_9
3879
245
_a
Sanskrit Sahitya ka Ithihas
260
_b
Chourkhamba Vidyabhwan
_c
Varanasi
942
_c
BK
999
_c
5496
_d
5494